| 000 | 00375cam a2200145ua 4500 | ||
|---|---|---|---|
| 041 |
_aeng _h |
||
| 082 |
_a821 _bPAL/GO |
||
| 100 | _aPalgrave, Francis Turner . | ||
| 245 | 0 | 0 |
_aGolden treasury / _cFranics Turner Palgrave. _hTextual Documents |
| 260 |
_aLondon : _bOxford University Press , _c1959. |
||
| 300 | _a576 ; . | ||
| 504 | _a | ||
| 942 | _cBK | ||
| 999 |
_c4203 _d4203 |
||